[Event "OLNO 1819 SK König Tegel II - SF Berlin"]
[Site "?"]
[Date "2019.04.07"]
[Round "9.4"]
[White "Niehaus, Frank"]
[Black "Hoffmann, Udo"]
[Result "0-1"]
[WhiteElo "2163"]
[BlackElo "2293"]
[PlyCount "98"]
[EventDate "2019.??.??"]

1. e4 c5 2. Nf3 e6 3. d4 cxd4 4. Nxd4 Nc6 5. Nc3 a6 6. Be3 Qc7 7. Bd3 Nf6 8.
O-O b5 9. Qe2 Bb7 10. Nd5 Nxd5 11. exd5 Nxd4 12. Bxd4 Bxd5 13. a4 b4 14. Rfe1
Bc5 15. Bxc5 Qxc5 16. Qh5 Qc6 17. Re3 g6 18. Qh6 Bxg2 19. Rae1 Bd5 20. Be4 Bxe4
21. Rxe4 Qc5 22. Qg7 Ke7 23. Qh6 a5 24. Qd2 f6 25. Qd3 Rac8 26. Rd4 Rhd8 27.
Rd1 Rc7 28. Rd2 Qf5 29. Qa6 Qg5+ 30. Kh1 Qc5 31. Qd3 Qf5 32. Qa6 Ke8 33. Kg1
Qg5+ 34. Kh1 Qc5 35. Qd3 Qf5 36. Qa6 h5 37. Qe2 Rdc8 38. Rd5 Qg4 39. f3 Qc4 40.
R5d3 g5 41. b3 Qf4 42. Rd4 Qe5 43. Qd3 Qf5 44. Qe2 h4 45. f4 g4 46. Qe1 g3 47.
Rd5 Qxf4 48. Qe2 Ke7 49. Rh5 Rg8 0-1

[Event "OLNO 1819 SK König Tegel II - SF Berlin"]
[Site "?"]
[Date "2019.04.07"]
[Round "9.5"]
[White "Andersen, Hans-Christoph"]
[Black "Piskaykin, Bogdan"]
[Result "1-0"]
[WhiteElo "2198"]
[BlackElo "1878"]
[PlyCount "41"]
[EventDate "2019.??.??"]

1. d4 c5 2. d5 e6 3. Nc3 Nf6 4. e4 exd5 5. e5 Ng8 6. Nxd5 Ne7 7. Bc4 Nbc6 8.
Bf4 Nd4 9. Ne2 Ne6 10. Bg3 Nxd5 11. Bxd5 Be7 12. O-O h5 13. h3 h4 14. Bh2 O-O
15. f4 Qb6 16. f5 Ng5 17. Nf4 Qxb2 18. Ng6 Re8 19. Qh5 Nxh3+ 20. gxh3 Qd4+ 21.
Rf2 1-0

[Event "OLNO 1819 SK König Tegel II - SF Berlin"]
[Site "?"]
[Date "2019.04.07"]
[Round "9.6"]
[White "Lorenz, Sascha"]
[Black "Noetzel, Felix"]
[Result "1-0"]
[WhiteElo "2245"]
[BlackElo "2212"]
[PlyCount "53"]
[EventDate "2019.??.??"]

1. Nf3 d5 2. e3 Nf6 3. c4 e6 4. b3 Nbd7 5. Bb2 Bd6 6. Be2 O-O 7. Nc3 c6 8. Qc2
a6 9. h3 b5 10. g4 b4 11. Na4 c5 12. g5 Ne8 13. cxd5 Bb7 14. dxe6 fxe6 15. e4
e5 16. h4 Nc7 17. g6 Qf6 18. O-O-O Qxg6 19. Ng5 Kh8 20. Bc4 Bc6 21. Rdg1 Qh5
22. Qd3 Be7 23. Qg3 Bf6 24. Qe3 Bxa4 25. bxa4 Nb6 26. Bb3 c4 27. Bd1 1-0

[Event "OLNO 1819 SK König Tegel II - SF Berlin"]
[Site "?"]
[Date "2019.04.07"]
[Round "9.7"]
[White "Weber, Daniel"]
[Black "Wierzbicki, Jirawat"]
[Result "1/2-1/2"]
[WhiteElo "2089"]
[BlackElo "2155"]
[PlyCount "96"]
[EventDate "2019.??.??"]

1. e4 e5 2. Nf3 Nc6 3. Bc4 Nf6 4. Ng5 d5 5. exd5 Na5 6. Bb5+ c6 7. dxc6 bxc6 8.
Qf3 Be7 9. Bd3 O-O 10. O-O h6 11. Ne4 Nd5 12. Ng3 Nb4 13. Nf5 Bg5 14. Re1 Nxd3
15. cxd3 Qf6 16. Ne3 Qxf3 17. gxf3 Ba6 18. b4 Nb7 19. Bb2 Bxd3 20. Bxe5 Rfe8
21. Bc3 Re6 22. Na3 Rae8 23. Ng2 Nd6 24. Rxe6 fxe6 25. h4 Bd8 26. Re1 Bf5 27.
Be5 Nf7 28. Nc4 Be7 29. a3 c5 30. Bc3 cxb4 31. axb4 Rb8 32. Ra1 Bxb4 33. Rxa7
Bxc3 34. dxc3 Rb3 35. Ra3 Rxa3 36. Nxa3 Ne5 37. Kh2 Nxf3+ 38. Kg3 Nd2 39. f3 e5
40. Nb5 Nc4 41. Nc7 Kf7 42. Nd5 Be6 43. Nge3 Nd6 44. Nb6 e4 45. c4 exf3 46.
Kxf3 Nb7 47. Nbd5 Nc5 48. Kf4 g5+ 1/2-1/2

[Event "OLNO 1819 SK König Tegel II - SF Berlin"]
[Site "?"]
[Date "2019.04.07"]
[Round "9.8"]
[White "Acikel, Mert"]
[Black "Mcgowan, Daniel"]
[Result "1/2-1/2"]
[WhiteElo "2054"]
[BlackElo "2147"]
[PlyCount "103"]
[EventDate "2019.??.??"]

1. e4 e6 2. d4 d5 3. Nd2 c5 4. exd5 exd5 5. Ngf3 Nc6 6. Bb5 Bd6 7. dxc5 Bxc5 8.
O-O Nge7 9. Nb3 Bd6 10. Re1 O-O 11. Bd3 Nb4 12. Be2 Bf5 13. Nfd4 Bg6 14. c3
Nbc6 15. Bd3 a6 16. Bg5 Qc7 17. h3 Rfe8 18. Bxe7 Rxe7 19. Rxe7 Qxe7 20. Bxg6
hxg6 21. Nf3 Rd8 22. Qe1 Qxe1+ 23. Rxe1 f6 24. Rd1 Kf7 25. Kf1 Be7 26. Nfd4 Ne5
27. Na5 Nc4 28. Nxb7 Rb8 29. b3 Rxb7 30. bxc4 dxc4 31. Nc6 Rb6 32. Nxe7 Kxe7
33. Rd2 Rb1+ 34. Ke2 Rc1 35. Ke3 Rxc3+ 36. Kd4 Rc1 37. Rb2 c3 38. Rb7+ Kd6 39.
Rb6+ Kc7 40. Rxa6 c2 41. Kc3 Rf1 42. Kxc2 Rxf2+ 43. Kd3 Rxg2 44. Ra7+ Kd6 45.
Rxg7 Ke5 46. a4 Kf5 47. Kc4 Rg3 48. Rh7 g5 49. a5 Kg6 50. Rh8 Kg7 51. Rh5 Kg6
52. Rh8 1/2-1/2

[Event "OLNO 1819 TuS Makkabi Berlin - Greifswa"]
[Site "?"]
[Date "2019.04.07"]
[Round "9.1"]
[White "Mueller, Nick"]
[Black "Kiesekamp, Marcos"]
[Result "1/2-1/2"]
[WhiteElo "2362"]
[BlackElo "2290"]
[PlyCount "102"]
[EventDate "2019.??.??"]

1. e4 c5 2. Nf3 Nc6 3. Bb5 d6 4. O-O Bd7 5. Re1 g6 6. c3 Bg7 7. h3 Qb6 8. Bf1
Rd8 9. Na3 Nf6 10. d4 cxd4 11. cxd4 d5 12. e5 Ne4 13. Re2 O-O 14. Be3 f6 15.
exf6 Bxf6 16. Ne5 Qa5 17. Nxd7 Rxd7 18. Nc2 e6 19. Qd3 Qb6 20. Qb3 Qxb3 21.
axb3 a6 22. Rd1 Nd6 23. g4 Kf7 24. Ne1 Nb5 25. Nf3 Na5 26. Rd3 Rc8 27. Bg5 Nc6
28. Bxf6 Kxf6 29. h4 Ke7 30. Bh3 Kd6 31. g5 Re7 32. Kg2 Rf8 33. Red2 Rf4 34.
Kg3 Ref7 35. Bg2 Rf8 36. Rd1 Ke7 37. Re1 Nbxd4 38. Nxd4 Rxd4 39. Rxd4 Nxd4 40.
Bxd5 b6 41. b4 Rf5 42. Be4 Rb5 43. Ra1 Rxb4 44. Rxa6 Kd6 45. f3 Rxb2 46. Ra7
Ne2+ 47. Kf2 Nf4+ 48. Kf1 Ke5 49. Rxh7 Ra2 50. Rb7 Ra1+ 51. Kf2 Ra2+ 1/2-1/2

[Event "OLNO 1819 TuS Makkabi Berlin - Greifswa"]
[Site "?"]
[Date "2019.04.07"]
[Round "9.2"]
[White "Krefenstein, Sergej"]
[Black "Leisner, Hannes"]
[Result "1-0"]
[WhiteElo "2123"]
[BlackElo "2296"]
[PlyCount "81"]
[EventDate "2019.??.??"]

1. e4 c5 2. Nf3 e6 3. d4 cxd4 4. Nxd4 a6 5. Bd3 Bc5 6. Nb3 Be7 7. O-O d6 8. f4
Qc7 9. Qf3 Nd7 10. N1d2 Ngf6 11. Qg3 b6 12. Nf3 Bb7 13. e5 Nh5 14. Qh3 g6 15.
Bd2 O-O 16. Nbd4 Ng7 17. Rae1 Nc5 18. Qh6 Nxd3 19. cxd3 dxe5 20. fxe5 Bxf3 21.
Nxf3 Nf5 22. Qf4 Rad8 23. d4 Nxd4 24. Ng5 Nf5 25. g4 Rd4 26. Ne4 Ng7 27. Nf6+
Bxf6 28. Qxd4 Be7 29. Qc3 Qd7 30. Be3 Rc8 31. Qd2 Qa4 32. Qg2 h5 33. h3 hxg4
34. hxg4 Qxa2 35. Qf2 Rf8 36. Bxb6 Qc4 37. Qd4 Qb3 38. Re3 Qb5 39. Ref3 Qd5 40.
Qf2 Qxe5 41. Rxf7 1-0

[Event "OLNO 1819 TuS Makkabi Berlin - Greifswa"]
[Site "?"]
[Date "2019.04.07"]
[Round "9.3"]
[White "Weber, Max"]
[Black "Gazmaga, Stefan"]
[Result "1/2-1/2"]
[WhiteElo "2236"]
[BlackElo "2144"]
[PlyCount "84"]
[EventDate "2019.??.??"]

1. d4 Nf6 2. c4 e6 3. Nf3 Bb4+ 4. Nbd2 d5 5. Qa4+ Nc6 6. e3 O-O 7. Bd3 Ne4 8.
a3 Nxd2 9. Bxd2 Bxd2+ 10. Nxd2 Qg5 11. O-O Nxd4 12. cxd5 Nf5 13. Nf3 Qf6 14.
Rac1 exd5 15. Rxc7 Nd6 16. Qb4 Rd8 17. Nd4 Qg5 18. Nf3 Qh5 19. Qf4 h6 20. Nd4
Qg5 21. Qxg5 hxg5 22. Nb5 Ne8 23. Rc5 Be6 24. Rfc1 a6 25. Nc7 Nxc7 26. Rxc7
Rac8 27. Kf1 Kf8 28. R1c3 Rxc7 29. Rxc7 Rd7 30. Rc8+ Ke7 31. Ke2 Rd8 32. Rxd8
Kxd8 33. Kd2 a5 34. Kc3 Kc7 35. b4 b6 36. bxa5 bxa5 37. Kd4 Kd6 38. Bc2 Bd7 39.
Bd1 f6 40. Bb3 Bc6 41. Ba2 Bb7 42. Bb3 Bc6 1/2-1/2

[Event "OLNO 1819 TuS Makkabi Berlin - Greifswa"]
[Site "?"]
[Date "2019.04.07"]
[Round "9.4"]
[White "Sawlin, Michail"]
[Black "Stubbe, Wilko"]
[Result "1-0"]
[WhiteElo "2169"]
[BlackElo "2230"]
[PlyCount "91"]
[EventDate "2019.??.??"]

1. e4 e6 2. d4 d5 3. Nc3 Nf6 4. e5 Nfd7 5. f4 c5 6. Nf3 Nc6 7. Be3 a6 8. Ne2
Qb6 9. Qc1 Be7 10. c3 O-O 11. g3 cxd4 12. Nexd4 Nxd4 13. Nxd4 Qc7 14. Bg2 Nb6
15. O-O Bd7 16. Bf2 Rac8 17. Re1 Nc4 18. Qc2 b5 19. a3 a5 20. Qe2 Rb8 21. Rac1
Rfc8 22. f5 Re8 23. b3 Nxa3 24. Qg4 Bf8 25. f6 g6 26. h4 a4 27. b4 Nc4 28. Qf4
Rec8 29. h5 Ra8 30. hxg6 fxg6 31. Bh3 Ra6 32. Kg2 a3 33. Bg4 Kf7 34. Nf3 Qb7
35. Ng5+ Ke8 36. f7+ Kd8 37. Bd4 Kc7 38. Nxh7 Kb8 39. Qf6 Bh6 40. f8=Q Bxf8 41.
Nxf8 a2 42. Ra1 Nd2 43. Re2 Ne4 44. Qe7 Bc6 45. Qxb7+ Bxb7 46. Nd7+ 1-0

[Event "OLNO 1819 TuS Makkabi Berlin - Greifswa"]
[Site "?"]
[Date "2019.04.07"]
[Round "9.5"]
[White "Stopsack, Malte"]
[Black "Emig, Edgar"]
[Result "1-0"]
[WhiteElo "2211"]
[BlackElo "2140"]
[PlyCount "55"]
[EventDate "2019.??.??"]

1. e4 Nf6 2. Nc3 d5 3. e5 d4 4. Nce2 Ng4 5. f4 h5 6. Nf3 Nc6 7. Ng3 h4 8. Ne4
Bf5 9. Bd3 e6 10. h3 Nh6 11. a3 Be7 12. b4 a6 13. Qe2 Bg6 14. Qf2 Qd5 15. Qe2
Nf5 16. O-O b5 17. Re1 Rd8 18. Qf2 Rh6 19. Neg5 Bxg5 20. fxg5 Rh5 21. Be4 Qd7
22. d3 Nce7 23. Bd2 Ng3 24. Bxg6 Nxg6 25. Nxh4 Nxh4 26. Qxg3 g6 27. Qf2 Qd5 28.
Re4 1-0

[Event "OLNO 1819 TuS Makkabi Berlin - Greifswa"]
[Site "?"]
[Date "2019.04.07"]
[Round "9.6"]
[White "Gorodetski, Grigori"]
[Black "Bartolomaeus, Christian"]
[Result "0-1"]
[WhiteElo "1897"]
[BlackElo "2203"]
[PlyCount "46"]
[EventDate "2019.??.??"]

1. d4 d6 2. e4 Nf6 3. Nc3 g6 4. Bg5 Bg7 5. Qd2 c6 6. f3 Qa5 7. Bc4 Nbd7 8. Bb3
b5 9. O-O-O Qc7 10. Bh6 Bxh6 11. Qxh6 a5 12. Qg7 Rf8 13. e5 dxe5 14. d5 a4 15.
dxc6 axb3 16. cxd7+ Bxd7 17. axb3 b4 18. Nb1 Bf5 19. Rd2 Rc8 20. c4 bxc3 21.
Nxc3 Qa7 22. Kd1 Qe3 23. Nge2 Rg8 0-1

[Event "OLNO 1819 TuS Makkabi Berlin - Greifswa"]
[Site "?"]
[Date "2019.04.07"]
[Round "9.7"]
[White "Kuersten, Ruediger"]
[Black "Schmidt, Jevgen"]
[Result "1-0"]
[WhiteElo "2177"]
[BlackElo "1864"]
[PlyCount "63"]
[EventDate "2019.??.??"]

1. d4 Nf6 2. Nf3 d6 3. g3 Nbd7 4. Bg2 e5 5. dxe5 dxe5 6. O-O Be7 7. a4 a5 8.
Nc3 c6 9. Nd2 O-O 10. Nc4 Qc7 11. Bd2 Rd8 12. Qe1 Nb6 13. Na3 Bf5 14. Ncb1 Bb4
15. e4 Be6 16. b3 Rxd2 17. Nxd2 Rd8 18. Nab1 Qd6 19. c3 Bxc3 20. Nxc3 Qxd2 21.
Rb1 Qxe1 22. Rfxe1 Kf8 23. Red1 Rd4 24. f3 Rb4 25. Rb2 Nc4 26. Rbb1 Na3 27.
Rbc1 Bxb3 28. Rd8+ Ke7 29. Ra8 Nc4 30. Bf1 b6 31. Ra7+ Nd7 32. Bh3 1-0

[Event "OLNO 1819 TuS Makkabi Berlin - Greifswa"]
[Site "?"]
[Date "2019.04.07"]
[Round "9.8"]
[White "Lalaev, Ashur"]
[Black "Reyer, Ulli"]
[Result "0-1"]
[WhiteElo "1643"]
[BlackElo "2116"]
[PlyCount "52"]
[EventDate "2019.??.??"]

1. e4 e5 2. Nc3 Nc6 3. Nf3 Nf6 4. Bc4 Nxe4 5. Bxf7+ Kxf7 6. Nxe4 d5 7. Neg5+
Kg8 8. d3 h6 9. Nh3 Bg4 10. Qd2 Qf6 11. Qe3 Nd4 12. Nxd4 exd4 13. Qd2 Re8+ 14.
Kf1 Bxh3 15. gxh3 Qf3 16. Rg1 Bd6 17. Rg2 Bf4 18. Kg1 Bxd2 19. Bxd2 Re2 20. Bb4
Kh7 21. Rf1 Rhe8 22. Rg3 Qf6 23. Kh1 Rxf2 24. Rfg1 g5 25. h4 Ree2 26. Rh3 Qf3+
0-1

[Event "OLNO 1819 SC Empor Potsdam - SG Güstrow"]
[Site "?"]
[Date "2019.04.07"]
[Round "9.1"]
[White "Waschk, Armin"]
[Black "Penzold, Andreas"]
[Result "0-1"]
[WhiteElo "2133"]
[BlackElo "2389"]
[PlyCount "64"]
[EventDate "2019.??.??"]

1. Nf3 d6 2. g3 f5 3. Bg2 Nf6 4. O-O g6 5. b3 e5 6. d3 Bg7 7. Bb2 O-O 8. c4
Nbd7 9. Nc3 h6 10. Qc2 g5 11. Nd2 c6 12. b4 Kh8 13. b5 c5 14. e3 Qe8 15. Rae1
Qg6 16. d4 e4 17. f3 exf3 18. Nxf3 Nb6 19. Nd2 Qf7 20. Ne2 Be6 21. d5 Bd7 22.
h3 Rae8 23. Nc3 Qh5 24. Qd1 Qg6 25. Qc2 Re7 26. g4 Qe8 27. Qd3 fxg4 28. hxg4
Nxg4 29. Nde4 Rxf1+ 30. Rxf1 Qh5 31. Rf3 Qh2+ 32. Kf1 Ne5 0-1

[Event "OLNO 1819 SC Empor Potsdam - SG Güstrow"]
[Site "?"]
[Date "2019.04.07"]
[Round "9.2"]
[White "Hansch, Karsten"]
[Black "Muench, Robert"]
[Result "1/2-1/2"]
[WhiteElo "2307"]
[BlackElo "2016"]
[PlyCount "53"]
[EventDate "2019.??.??"]

1. e4 c5 2. Nc3 a6 3. g3 b5 4. Bg2 Bb7 5. d3 b4 6. Nce2 g6 7. d4 Bg7 8. Be3 Nf6
9. d5 d6 10. Nh3 Qc8 11. f3 Nbd7 12. O-O Ne5 13. Nf2 O-O 14. b3 a5 15. a4 Ba6
16. Re1 Qb7 17. h3 Rac8 18. Rc1 Bxe2 19. Qxe2 c4 20. Bd4 cxb3 21. cxb3 Nh5 22.
f4 Nf3+ 23. Bxf3 Bxd4 24. Bxh5 gxh5 25. Qxh5 Rc3 26. Kg2 Bxf2 27. Kxf2 {(=)}
1/2-1/2

[Event "OLNO 1819 SC Empor Potsdam - SG Güstrow"]
[Site "?"]
[Date "2019.04.07"]
[Round "9.3"]
[White "Dettmann, Gerd"]
[Black "Hansch, Stephan"]
[Result "1-0"]
[WhiteElo "2104"]
[BlackElo "2210"]
[PlyCount "95"]
[EventDate "2019.??.??"]

1. e4 c5 2. Nf3 d6 3. d4 cxd4 4. Nxd4 Nf6 5. Nc3 a6 6. Bg5 e6 7. f4 Be7 8. Qf3
Qc7 9. O-O-O Nbd7 10. Bd3 h6 11. Bh4 g5 12. fxg5 Ne5 13. Qe2 Nfg4 14. Nf3 Nxf3
15. gxf3 hxg5 16. Bg3 Ne5 17. Nb1 Bd7 18. Nd2 b5 19. Kb1 Rc8 20. Rc1 Bf6 21.
Rhf1 Nc4 22. Bxc4 bxc4 23. c3 e5 24. Rg1 Ke7 25. Nf1 Be6 26. Ne3 Qa5 27. Rgd1
Rc5 28. Rd2 Rb8 29. Bf2 Rc6 30. Nd5+ Bxd5 31. Rxd5 Rb5 32. Rcd1 Qd8 33. Be3
Rxd5 34. Rxd5 Qh8 35. a3 Qh3 36. Ra5 Ke8 37. Ra4 Qe6 38. Qg2 Bd8 39. Rb4 f6 40.
Rb7 Bc7 41. h4 gxh4 42. Qg7 Qe7 43. Qh8+ Kd7 44. Qxh4 Kc8 45. Ra7 Kb8 46. Qg4
Qd8 47. Qe6 Bb6 48. Rxa6 1-0

[Event "OLNO 1819 SC Empor Potsdam - SG Güstrow"]
[Site "?"]
[Date "2019.04.07"]
[Round "9.4"]
[White "Schoene, Ralf"]
[Black "Luther, Alexander"]
[Result "1-0"]
[WhiteElo "2244"]
[BlackElo "2052"]
[PlyCount "91"]
[EventDate "2019.??.??"]

1. d4 Nf6 2. c4 e6 3. Nc3 d5 4. Bg5 Be7 5. e3 O-O 6. Nf3 h6 7. Bh4 b6 8. Be2
Bb7 9. Bxf6 Bxf6 10. cxd5 exd5 11. b4 c6 12. O-O Qd6 13. Qb3 Nd7 14. Rfd1 Rfe8
15. Rab1 a5 16. bxa5 Rxa5 17. a4 c5 18. Bb5 Rd8 19. Bxd7 Rxd7 20. Qxb6 Qxb6 21.
Rxb6 Ba6 22. h3 Bc4 23. Rdb1 Bd3 24. Rb8+ Kh7 25. R1b7 Rxb7 26. Rxb7 cxd4 27.
exd4 Bc2 28. Rb5 Bd8 29. Rb7 Bf6 30. Rb5 Bd8 31. Ne5 Rxb5 32. axb5 Kg8 33. Nxd5
Be4 34. Nc3 Bb7 35. Nc6 Bb6 36. Na4 Bxc6 37. bxc6 Bc7 38. d5 Kf8 39. Nb2 Ke7
40. Nc4 Bb8 41. Kf1 f5 42. Ke2 g5 43. f3 h5 44. g4 fxg4 45. fxg4 hxg4 46. hxg4
1-0

[Event "OLNO 1819 SC Empor Potsdam - SG Güstrow"]
[Site "?"]
[Date "2019.04.07"]
[Round "9.5"]
[White "Kiel, Bernd"]
[Black "Trenner, Rolf"]
[Result "1/2-1/2"]
[WhiteElo "1984"]
[BlackElo "2188"]
[PlyCount "89"]
[EventDate "2019.??.??"]

1. e4 c6 2. d4 d5 3. Nd2 g6 4. Ngf3 Bg7 5. c3 dxe4 6. Nxe4 Nf6 7. Nxf6+ exf6 8.
Bd3 O-O 9. O-O Bg4 10. h3 Be6 11. Re1 Nd7 12. Be3 Nb6 13. b3 Nd5 14. Bd2 Qd7
15. Qc2 Rfe8 16. Re2 Qc7 17. Re4 Bd7 18. Rae1 Rxe4 19. Rxe4 Re8 20. Rxe8+ Bxe8
21. Bf1 Bd7 22. Qe4 Qd8 23. Bd3 Bf8 24. c4 Nb4 25. Bb1 Qe7 26. Qxe7 Bxe7 27. a3
Na6 28. b4 Nc7 29. Bd3 a5 30. bxa5 Bxa3 31. Kf1 Bb2 32. Ke2 Ne6 33. d5 cxd5 34.
cxd5 Nc7 35. Bc4 Kf8 36. Bb4+ Ke8 37. Ne1 Bf5 38. Nd3 Bd4 39. f3 Na6 40. Bd2
Nc5 41. Bb4 Nxd3 42. Bxd3 Bd7 43. Bc4 Be5 44. Ke3 Bh2 45. Kd4 1/2-1/2

[Event "OLNO 1819 SC Empor Potsdam - SG Güstrow"]
[Site "?"]
[Date "2019.04.07"]
[Round "9.6"]
[White "Wuttke, Hans"]
[Black "Dettmann, Holger"]
[Result "1-0"]
[WhiteElo "2147"]
[BlackElo "2019"]
[PlyCount "75"]
[EventDate "2019.??.??"]

1. c4 f5 2. g3 Nf6 3. Bg2 e6 4. Nc3 Be7 5. d3 O-O 6. e4 Nc6 7. Nge2 d6 8. exf5
exf5 9. O-O Ne5 10. b3 Ng6 11. b4 c6 12. Rb1 Be6 13. b5 Qc7 14. Re1 Ng4 15. Nf4
Bf7 16. Nxg6 hxg6 17. h3 Bf6 18. hxg4 Bxc3 19. Bd2 Bxd2 20. Qxd2 fxg4 21. bxc6
bxc6 22. Qg5 Rae8 23. Qxg4 Qa5 24. Rxe8 Rxe8 25. Bxc6 Qxa2 26. Rb7 Qa1+ 27. Kg2
Re5 28. Qc8+ Kh7 29. Bf3 Be6 30. Qc7 Bh3+ 31. Kxh3 Rh5+ 32. Bxh5 Qf1+ 33. Kg4
Qe2+ 34. Kf4 g5+ 35. Kxg5 Qe5+ 36. Kh4 Qf6+ 37. Kh3 Qf5+ 38. Kg2 1-0

[Event "OLNO 1819 SC Empor Potsdam - SG Güstrow"]
[Site "?"]
[Date "2019.04.07"]
[Round "9.7"]
[White "Schumann, Rabea"]
[Black "Bachmann, Volker"]
[Result "1-0"]
[WhiteElo "1917"]
[BlackElo "2134"]
[PlyCount "79"]
[EventDate "2019.??.??"]

1. c4 f5 2. g3 Nf6 3. Bg2 g6 4. Nc3 Bg7 5. e3 e5 6. d3 d6 7. Nge2 O-O 8. O-O
Nc6 9. Rb1 Be6 10. Nd5 Qd7 11. b4 a6 12. a4 Rae8 13. b5 axb5 14. axb5 Nd8 15.
Nec3 c6 16. Nb6 Qc7 17. bxc6 bxc6 18. Ba3 Nd7 19. Nca4 f4 20. Nxd7 Bxd7 21. Nc3
g5 22. Ne4 Nf7 23. Qd2 Ra8 24. Rb3 c5 25. Rfb1 Bc6 26. Bb2 Ra2 27. Nc3 Ra6 28.
Nd5 Bxd5 29. Bxd5 Rb6 30. Qa5 Rb7 31. Bc3 Qxa5 32. Bxa5 Ra7 33. Bb6 Ra2 34. Bc7
fxe3 35. fxe3 Kh8 36. Rb8 Ra7 37. R1b7 Rxb7 38. Rxb7 Bf6 39. Bb8 Nd8 40. Bxd6
1-0

[Event "OLNO 1819 SC Empor Potsdam - SG Güstrow"]
[Site "?"]
[Date "2019.04.07"]
[Round "9.8"]
[White "Puhlmann, Rainer"]
[Black "Hornecker, Siegfried"]
[Result "1-0"]
[WhiteElo "2087"]
[BlackElo "2023"]
[PlyCount "93"]
[EventDate "2019.??.??"]

1. Nf3 Nc6 2. c4 e5 3. Nc3 f5 4. d3 Nf6 5. g3 d5 6. cxd5 Nxd5 7. Bg2 Bb4 8. Bd2
Be6 9. O-O h6 10. Nxd5 Bxd5 11. Bxb4 Nxb4 12. e4 Be6 13. Nxe5 O-O 14. a3 Na6
15. exf5 Rxf5 16. d4 c6 17. Bh3 Rxe5 18. dxe5 Bxh3 19. Qb3+ Qd5 20. Qxd5+ cxd5
21. Rfd1 Rd8 22. Rac1 Kf7 23. f3 Bc8 24. b4 b6 25. Kf2 Bb7 26. Ke3 Ke6 27. f4
Kf5 28. Kd4 Rd7 29. g4+ Kxf4 30. Rf1+ Kg5 31. e6 Rd8 32. Rf7 Rc8 33. Rxc8 Bxc8
34. Kxd5 Kxg4 35. Kd6 Bxe6 36. Kxe6 g5 37. Kd6 Kh3 38. Rf2 h5 39. Kc6 h4 40.
Kb7 Nxb4 41. axb4 a5 42. b5 g4 43. Kxb6 a4 44. Ka5 a3 45. Ra2 g3 46. hxg3 hxg3
47. Rxa3 1-0